WordPerfect for Windows : (Record no. 14152)
[ view plain ]
| 000 -LEADER | |
|---|---|
| fixed length control field | 00540cam a2200193 a 4500 |
| 020 ## - INTERNATIONAL STANDARD BOOK NUMBER | |
| ISBN | 0078810183 : |
| 040 ## - CATALOGING SOURCE | |
| Transcribing agency | DLC |
| 082 00 - DEWEY DECIMAL CLASSIFICATION NUMBER | |
| Classification number | 652 OSB 1992 A050 Or. |
| 100 1# - MAIN ENTRY--AUTHOR NAME | |
| Personal name | Dyson, Steve. |
| 245 10 - TITLE STATEMENT | |
| Title | WordPerfect for Windows : |
| Remainder of title | the complete reference / |
| 260 ## - PUBLICATION, DISTRIBUTION, ETC. (IMPRINT) | |
| Place of publication | Berkeley : |
| Name of publisher | Osborne McGraw-Hill, |
| Year of publication | c1992. |
| 300 ## - PHYSICAL DESCRIPTION | |
| Number of Pages | xix, 763 p. : |
| Other physical details | ill. ; |
| Dimensions | 24 cm. |
| 500 ## - GENERAL NOTE | |
| General note | "Covers version 5.1"--Cover. |
| 500 ## - GENERAL NOTE | |
| General note | Includes index. |
| 650 #0 - SUBJECT ADDED ENTRY--TOPICAL TERM | |
| Topical Term | Word processing. |
| 700 1# - ADDED ENTRY--PERSONAL NAME | |
| Personal name | Fingerman, Daniel J. |
| 700 1# - ADDED ENTRY--PERSONAL NAME | |
| Personal name | Cobb, Stephen, |
| 942 ## - ADDED ENTRY ELEMENTS (KOHA) | |
| Koha item type | សៀវភៅភាសាអង់គ្លេស |
| 952 ## - LOCATION AND ITEM INFORMATION (KOHA) | |
| Withdrawn status [LOCAL, KOHA] | 0 |
| Permanent Location | Date acquired | Koha item type | Lost status | Shelving location | Barcode | Current Location | Full call number |
|---|---|---|---|---|---|---|---|
| Library Block A | 2017-10-07 | សៀវភៅភាសាអង់គ្លេស | A050 | A14471 | Library Block A | 652 OSB 1992 A050 Or. |